| 000 | 01451nam a22002775a 4500 | ||
|---|---|---|---|
| 999 |
_c27094 _d27066 |
||
| 003 | EG-ScBUE | ||
| 005 | 20190207110109.0 | ||
| 008 | 190207s2015 ua frb 000 0 ara d | ||
| 040 |
_aEG-ScBUE _bara _cEG-ScBUE _dEG-ScBUE |
||
| 043 | _af-ua--- | ||
| 082 | 0 | 4 |
_a345.62 _bس ك ي _222 |
| 100 | 1 | _aسكيكر، محمد علي. | |
| 245 | 1 | 2 |
_aالموسوعة الجنائية الشاملة في القيود و الأوصاف و العقوبات / _cمحمد علي سكيكر. |
| 250 | _aط. 3. | ||
| 260 |
_a[القاهرة] : _bنادي القضاة، _c2015. |
||
| 300 |
_a809 ص. ؛ _c24 سم. |
||
| 504 | _aيشتمل على إرجاعات ببليوجرافية. | ||
| 505 | 0 | _aالجرائم الواردة في قانون العقوبات -- الجرائم الواردة في التشريعات الجنائية الخاصة -- الجرائم الواردة في تشريعات التموين و التسعير الجبري و أوامر الحاكم العسكري -- نماذج للتحقيق الابتدائي و إجراءات الدعوى الجنائية. | |
| 650 | 7 |
_aقانون العقوبات _zمصر. _2BUEsh _941137 |
|
| 650 | 7 |
_aقانون الإجراءات الجنائية _zمصر. _2BUEsh _941140 |
|
| 650 | 7 |
_aالدعوى الجنائية _zمصر. _2BUEsh _940639 |
|
| 650 | 7 |
_aالتموين _xقوانين وتشريعات _zمصر. _2BUEsh |
|
| 651 | _2BUEsh | ||
| 653 |
_bLLAAWW _cFebruary2019 |
||
| 942 | _2ddc | ||